| 000 | 00784nam a2200241 a 4500 | ||
|---|---|---|---|
| 001 | BRCA_1962 | ||
| 005 | 20190320203622.0 | ||
| 008 | 910415s1986 mx-h---##b---f001-0#spa-d | ||
| 020 | _a9686038531 | ||
| 040 |
_aDLC _cDLC |
||
| 050 | 4 |
_aN6547.M4 _b.C38 1986 |
|
| 245 | 1 | 0 |
_aCatálogo de artistas y artesanos de México _cGlorinela González Franco ... [et al.]. |
| 260 |
_aMéxico _bINAH _c1986 |
||
| 300 |
_a292 p. _c26 cm. |
||
| 440 | 0 |
_aColección Fuentes _91308 |
|
| 500 | _aIncluye índice por oficios, índice geográfico e índice cronológico | ||
| 504 | _aBibliografía: p. 127-129 | ||
| 650 | 1 | 4 |
_aArtistas _vRegistros _zMéxico _96020 |
| 650 | 1 | 4 |
_aArtistas _vAutógrafos _zMéxico _96021 |
| 700 | 1 |
_aGonzález Franco, Glorinela _96022 |
|
| 902 | _aREF | ||
| 942 |
_2lcc _cB |
||
| 999 |
_c1732 _d1732 |
||